|
|
|
|
| LEADER |
00000nab a2200000 a 4500 |
| 001 |
vtls000928131 |
| 003 |
SK-MaSNL |
| 005 |
20260303033459.0 |
| 008 |
040720e20020000xo 0 slo |
| 035 |
|
|
|a KE37008
|
| 040 |
|
|
|a KEVKJB
|b slo
|c KEVKJB
|e AACR2
|
| 041 |
0 |
|
|a slo
|
| 044 |
|
|
|a xo
|c SK
|
| 080 |
|
|
|a 792.071
|2 1981
|
| 080 |
|
|
|a 929
|2 1981
|
| 100 |
1 |
|
|a Fila, Jozef,
|d 1964-
|4 aut
|9 67787
|
| 245 |
1 |
0 |
|a Hovoria mi čert
|b Rozhovor s hercom Jozefom Filom
|
| 590 |
|
|
|a Fila, Jozef
|
| 600 |
1 |
7 |
|a Fila, Jozef
|2 KEVKJB
|9 877931
|
| 650 |
0 |
7 |
|a umelecká činnosť
|2 KEVKJB
|9 71761
|
| 650 |
0 |
7 |
|a rozhovory
|2 KEVKJB
|9 453585
|
| 651 |
|
7 |
|a Košice (Slovensko)
|2 KEVKJB
|9 18694
|
| 651 |
|
7 |
|a K1,
|2 KEVKJB
|9 1016143
|
| 655 |
|
7 |
|a periodikum
|2 snkbucl
|9 29553
|
| 773 |
0 |
8 |
|t Image
|g Roč. 4
|g Roč. 28, č.4 (2002), s. 34-35
|
| 852 |
|
|
|a ZVYKNI
|b KIS3GCP
|
| 999 |
|
|
|c 1670149
|d 1672079
|